Buraq yang tawaduk
| Main Author: | |
|---|---|
| Format: | Book |
| Published: |
Kuala Lumpur :
Karya One ,
1996
|
| Subjects: |
MARC
| LEADER | 00000cam a2200000 7i4500 | ||
|---|---|---|---|
| 001 | 0000008095 | ||
| 002 | 000008833 | ||
| 005 | 20000330.0 | ||
| 020 | |a 9839255258 | ||
| 090 | 0 | 0 | |a 297 |b WAN |
| 100 | 0 | |a Wan Mohd Azmin Wan Dolah | |
| 245 | 1 | 0 | |a Buraq yang tawaduk |c Wan Mohd Azmin Wan Dolah |
| 260 | |a Kuala Lumpur : |b Karya One , |c 1996 | ||
| 300 | |a 24p. : |b ill ; |c 34cm. | ||
| 650 | 0 | 0 | |a Quran stories, Malay |
| 999 | |a 047315 |b BUKU |c PINJAMAN |e PERPUSTAKAAN KOMUNITI CAW KOTA DAMANSARA | ||
| 999 | |a 047316 |b BUKU |c PINJAMAN |e PERPUSTAKAAN KOMUNITI CAW KOTA DAMANSARA | ||